|
|
แสดงรายละเอียดบรรณานุกรม |
|
|
Brief Record
: Get Marc (ISO 2709)
: E-mail record
: |
| LEADER 00000nama 2200000uu 4500 | |||
| 008 040531s1992 th m m a000 0 tha d | |||
| 020 007-023-547- | |||
| 041 eng | |||
| 050 N7477 G466l | |||
| 100 Gilbert, Rita | |||
| 245 Living with Art / Rita Gilbert 001 | |||
| 250 3 | |||
| 260 New York McGraw-Hill 1992 | |||
| 300 527 p. | |||
| 650 Art application | |||
| 998 1998-08-10 | |||
| คุณยังไม่ได้ล็อกอิน คุณสามารถมีกิจกรรมร่วมกับเว็บไซต์ได้ แต่ต้องล็อกอินก่อน :: |
|
| สถานะ | |||||||||
| 1. | หนังสือทั่วไป | N7477 G466l 1992 | On Shelf ขอยืม | ||||||
| [แสดง 1/1 รายการ] | |||||||||
BibComment |
| คอมเมนท์ทรัพยากรรายการนี้ |
|
|